[Event "Pavlovo"]
[Site "Pavlovo"]
[Date "2013.02.23"]
[Round "3"]
[White "Lazarev, Anatoly"]
[Black "Remizov, Alexander"]
[Result "1-0"]
[WhiteElo "2092"]
[BlackElo "1948"]
[PlyCount "125"]
[EventDate "2013.02.21"]
[EventType "tourn"]
[EventRounds "7"]
[EventCountry "RUS"]
[SourceTitle "EXT 2014"]
[Source "ChessBase"]
[SourceDate "2013.11.20"]
[SourceVersion "1"]
[SourceVersionDate "2013.11.20"]
[SourceQuality "1"]

1. d4 c5 2. d5 Nf6 3. Nf3 g6 4. c4 b5 5. cxb5 a6 6. bxa6 Bxa6 7. g3 d6 8. Bg2 Bg7 9. 0-0 0-0 10. Re1 Qb6 11. Nc3 Nbd7 12. h3 Rfb8 13. Kh2 Ne8 14. Nd2 c4 15. f4 Nc5 16. Nf3 Bb7 17. Nd2 Qa6 18. Qc2 Rc8 19. f5 Rc7 20. Rf1 Nf6 21. Rf4 Bc8 22. fxg6 hxg6 23. Rxc4 Qb6 24. Rf4 Nh5 25. Rf1 Be5 26. Rf3 Qb4 27. e4 Ba6 28. Nf1 Rb8 29. a3 Qb3 30. Qd2 Qc4 31. Ne3 Qd3 32. Qxd3 Nxd3 33. Ned1 Ne1 34. Rf4 Bxf4 35. gxf4 Nd3 36. Bf1 Nxc1 37. Bxa6 Nb3 38. Rb1 Nxf4 39. Kg3 Nh5+ 40. Kf2 Kg7 41. Bf1 Nd2 42. Rc1 Nxe4+ 43. Ke3 f5 44. a4 Kf6 45. a5 Ke5 46. a6 Nhf6 47. Ra1 Ra7 48. Ra5 Nc5 49. Nf2 Nxd5+ 50. Nxd5 Kxd5 51. Nd3 e5 52. b4 Rxa6 53. Bg2+ Ke6 54. Nxc5+ dxc5 55. Rxa6+ Kf7 56. bxc5 Rb3+ 57. Kf2 Rc3 58. Bd5+ Ke7 59. Re6+ Kd7 60. Rxg6 Rxc5 61. Be6+ Ke7 62. Bxf5 Kf7 63. Ra6 1-0

[Event "Pavlovo Good Year"]
[Site "Pavlovo"]
[Date "2012.08.??"]
[Round "2"]
[White "Obrezchikov, Mikhail"]
[Black "Lazarev, Anatoly"]
[Result "0-1"]
[WhiteElo "1938"]
[BlackElo "2104"]
[PlyCount "98"]
[EventDate "2012.08.18"]
[EventType "tourn"]
[EventRounds "14"]
[EventCountry "RUS"]
[SourceTitle "EXT 2023"]
[Source "ChessBase"]
[SourceDate "2022.10.05"]
[SourceVersion "1"]
[SourceVersionDate "2022.10.05"]
[SourceQuality "1"]

1. d4 Nf6 2. g3 c5 3. Nf3 b6 4. dxc5 bxc5 5. Bg2 Bb7 6. 0-0 g6 7. Nbd2 Bg7 8. Nc4 0-0 9. Bd2 Nc6 10. Rb1 Qc7 11. Bf4 d6 12. Qc1 Rfe8 13. Bh6 Bh8 14. Rd1 Rad8 15. c3 Ba6 16. Ne3 Bxe2 17. Rd2 Bb5 18. Qc2 Nb8 19. Ng5 Bc6 20. Qb3 e6 21. Bh3 d5 22. Re1 Nbd7 23. Nf3 d4 24. Nxd4 cxd4 25. cxd4 Qb7 26. Qa3 Bg7 27. Bxg7 Kxg7 28. Nc4 Rf8 29. Rc2 Bd5 30. b3 Nb6 31. Nd6 Qd7 32. Nc4 Ba8 33. Rd2 Qd5 34. f3 Qxf3 35. Bg2 Nxc4 36. Qb4 Nxd2 37. Bxf3 Nxf3+ 38. Kf2 Nxe1 39. Kxe1 Rd7 40. Qc5 Rfd8 41. h4 h5 42. a4 Ng4 43. Kd2 Rxd4+ 44. Kc2 R8d7 45. a5 Nf6 46. b4 Rd2+ 47. Kb3 R7d3+ 48. Ka4 Rxg3 49. a6 Rg4 0-1

[Event "Pavlovo Rating"]
[Site "Pavlovo"]
[Date "2012.03.??"]
[Round "1"]
[White "Danov, Alexander"]
[Black "Lazarev, Anatoly"]
[Result "1-0"]
[WhiteElo "2248"]
[BlackElo "2106"]
[PlyCount "73"]
[EventDate "2012.03.31"]
[EventType "tourn"]
[EventRounds "9"]
[EventCountry "RUS"]
[SourceTitle "EXT 2013"]
[Source "ChessBase"]
[SourceDate "2012.11.22"]
[SourceVersion "1"]
[SourceVersionDate "2012.11.22"]
[SourceQuality "1"]

1. d4 Nf6 2. Nf3 c5 3. dxc5 e6 4. c4 Bxc5 5. Nc3 Nc6 6. a3 0-0 7. b4 Bb6 8. Bg5 h6 9. Bh4 a5 10. b5 Ne7 11. Bxf6 gxf6 12. Ne4 Ng6 13. e3 f5 14. Nc3 f4 15. e4 Qf6 16. Na4 Bc7 17. Be2 Be5 18. Ra2 Nh4 19. 0-0 Nxf3+ 20. Bxf3 Bd4 21. e5 Qxe5 22. Rd2 Bc5 23. Re1 Qc7 24. Nxc5 Qxc5 25. Re4 Qxa3 26. Rxf4 f5 27. g4 Qc5 28. gxf5 Rxf5 29. Rd5 Rg5+ 30. Rxg5+ hxg5 31. Rg4 Kf7 32. Qd2 Kf6 33. h4 gxh4 34. Qh6+ Ke7 35. Rg8 Qf5 36. c5 a4 37. Qg7+ 1-0

[Event "Pavlovo Rating"]
[Site "Pavlovo"]
[Date "2012.03.??"]
[Round "9"]
[White "Lazarev, Anatoly"]
[Black "Rakov, Anatoly"]
[Result "1/2-1/2"]
[WhiteElo "2106"]
[BlackElo "2106"]
[PlyCount "87"]
[EventDate "2012.03.31"]
[EventType "tourn"]
[EventRounds "9"]
[EventCountry "RUS"]
[SourceTitle "EXT 2013"]
[Source "ChessBase"]
[SourceDate "2012.11.22"]
[SourceVersion "1"]
[SourceVersionDate "2012.11.22"]
[SourceQuality "1"]

1. d4 Nf6 2. Nf3 d5 3. c4 c6 4. Nc3 dxc4 5. a4 Qb6 6. e3 Bg4 7. Bxc4 e6 8. a5 Qc7 9. Qb3 Bxf3 10. gxf3 Nbd7 11. e4 g6 12. e5 Nd5 13. Ne4 Bb4+ 14. Ke2 Be7 15. Bg5 Bxg5 16. Nxg5 0-0 17. h4 h6 18. Ne4 h5 19. Rhg1 Rfd8 20. Rg5 Kg7 21. Nd6 Rab8 22. Qc2 Nf8 23. a6 Nb4 24. Qe4 bxa6 25. Qf4 Nd5 26. Bxd5 Rxb2+ 27. Kf1 cxd5 28. Qf6+ Kg8 29. Nxf7 Rdb8 30. Rxg6+ Nxg6 31. Qxg6+ Kf8 32. Ng5 R8b6 33. Kg2 Qg7 34. Qxh5 Rc2 35. Qg4 Ke7 36. Kg3 Qg6 37. h5 Qf5 38. h6 Rc8 39. Qxf5 exf5 40. h7 Rh6 41. Ra5 Rb6 42. Rxd5 Rb5 43. Rd6 Rb6 44. Rd5 1/2-1/2

[Event "Pavlovo"]
[Site "Pavlovo"]
[Date "2011.03.27"]
[Round "11"]
[White "Danov, Alexander"]
[Black "Lazarev, Anatoly"]
[Result "1/2-1/2"]
[WhiteElo "2222"]
[BlackElo "2113"]
[PlyCount "46"]
[EventDate "2011.03.17"]
[EventType "tourn"]
[EventRounds "11"]
[EventCountry "RUS"]
[SourceTitle "EXT 2013"]
[Source "ChessBase"]
[SourceDate "2012.11.22"]
[SourceVersion "1"]
[SourceVersionDate "2012.11.22"]
[SourceQuality "1"]

1. c4 Nf6 2. g3 e5 3. e3 d6 4. Ne2 Bg4 5. Bg2 c6 6. Nbc3 Be7 7. 0-0 Qc8 8. Ne4 Bh3 9. Nxf6+ Bxf6 10. d4 Bxg2 11. Kxg2 0-0 12. dxe5 dxe5 13. Rb1 Rd8 14. Qc2 Na6 15. a3 Qe6 16. b4 Rac8 17. Bb2 Rd7 18. Rfd1 Rcd8 19. Rxd7 Qxd7 20. Nc3 Qd2 21. Qxd2 Rxd2 22. Ne4 Rd7 23. Nxf6+ gxf6 1/2-1/2

[Event "Nizhnij Novgorod-ch HL"]
[Site "Nizhnij Novgorod"]
[Date "2009.11.14"]
[Round "?"]
[White "Lazarev, Anatoly"]
[Black "Bojarinov, Victor A"]
[Result "1/2-1/2"]
[WhiteElo "2124"]
[BlackElo "2295"]
[PlyCount "63"]
[EventDate "2009.11.14"]
[EventType "swiss"]
[EventRounds "9"]
[EventCountry "RUS"]
[SourceTitle "EXT 2022"]
[Source "ChessBase"]
[SourceDate "2021.10.06"]
[SourceVersion "1"]
[SourceVersionDate "2021.10.06"]
[SourceQuality "1"]

1. d4 Nf6 2. Nf3 e6 3. c4 Bb4+ 4. Bd2 a5 5. a3 Bxd2+ 6. Nbxd2 0-0 7. e4 d6 8. Be2 Nbd7 9. 0-0 e5 10. Qc2 exd4 11. Nxd4 a4 12. Rad1 Nc5 13. h3 Re8 14. Bf3 Bd7 15. Rfe1 Re5 16. Nf1 Qe7 17. Ng3 g6 18. Re3 Re8 19. Rde1 h5 20. Nb5 Bc6 21. Nc3 h4 22. Nf1 Nfxe4 23. Bxe4 Nxe4 24. f4 Nxc3 25. fxe5 Ne4 26. Rxe4 Bxe4 27. Qxe4 dxe5 28. Nh2 f5 29. Qd5+ Kg7 30. Nf3 e4 31. Nd4 c5 32. Nxf5+ 1/2-1/2

[Event "Kostroma Volga Cup op"]
[Site "Kostroma"]
[Date "2008.07.??"]
[Round "9"]
[White "Lazarev, Anatoly"]
[Black "Alieva, Nurlana"]
[Result "1-0"]
[WhiteElo "2133"]
[BlackElo "1873"]
[PlyCount "61"]
[EventDate "2008.07.??"]
[EventType "swiss"]
[EventRounds "9"]
[EventCountry "RUS"]
[SourceTitle "EXT 2009"]
[Source "ChessBase"]
[SourceDate "2008.11.26"]
[SourceVersion "1"]
[SourceVersionDate "2008.11.26"]
[SourceQuality "1"]

1. d4 c5 2. d5 e6 3. dxe6 fxe6 4. g3 d5 5. Bg2 Nf6 6. Nh3 Nc6 7. 0-0 Bd6 8. c4 d4 9. e3 e5 10. exd4 cxd4 11. a3 a5 12. Qa4 Bd7 13. Nd2 0-0 14. c5 Be7 15. Ng5 Qe8 16. Qb3+ Kh8 17. Qxb7 Bxc5 18. Qb5 Ba7 19. Nc4 Rb8 20. Qa4 h6 21. Nd6 Nd8 22. Qxa5 Bb6 23. Nxe8 Bxa5 24. Nxf6 Rxf6 25. Ne4 Rf8 26. b4 Bc7 27. Bd2 Ne6 28. a4 Bc6 29. Rfc1 Bxe4 30. Bxe4 Bd6 31. Rc6 1-0

[Event "Kostroma Volga Cup op"]
[Site "Kostroma"]
[Date "2008.07.??"]
[Round "1"]
[White "Lazarev, Anatoly"]
[Black "Filonenko, Elena"]
[Result "1-0"]
[WhiteElo "2133"]
[BlackElo "1559"]
[PlyCount "100"]
[EventDate "2008.07.??"]
[EventType "swiss"]
[EventRounds "9"]
[EventCountry "RUS"]
[SourceTitle "EXT 2009"]
[Source "ChessBase"]
[SourceDate "2008.11.26"]
[SourceVersion "1"]
[SourceVersionDate "2008.11.26"]
[SourceQuality "1"]

1. d4 Nf6 2. Nf3 d6 3. c4 Nbd7 4. Nc3 e5 5. g3 Be7 6. Bg2 0-0 7. 0-0 a5 8. e3 c6 9. b3 Re8 10. Bb2 Bf8 11. Qc2 e4 12. Nd2 d5 13. cxd5 cxd5 14. Nb5 Ra6 15. Qc7 Rc6 16. Qxd8 Rxd8 17. Rfc1 Nb8 18. Na7 Rxc1+ 19. Rxc1 Bd7 20. Rc7 b5 21. Bf1 b4 22. f3 Ne8 23. Rb7 f5 24. Bh3 Nd6 25. Rb6 Be7 26. fxe4 Nxe4 27. Nxe4 dxe4 28. Bf1 Be8 29. Rb7 Bf6 30. Bc4+ Kh8 31. a3 bxa3 32. Bxa3 Nd7 33. Be6 Rb8 34. Rxb8 Nxb8 35. Bxf5 Nc6 36. Nc8 Nxd4 37. exd4 Bxd4+ 38. Kf1 Bb5+ 39. Ke1 Bd3 40. Nd6 Bc2 41. Bxe4 Bxb3 42. Kd2 g6 43. Bc2 Be6 44. Ne4 Bg1 45. h4 Bh2 46. Ke3 Bg4 47. Kf2 Bh3 48. Ng5 Bd7 49. Bb2+ Kg8 50. Bb3+ Kf8 1-0

[Event "Kostroma Volga Cup op"]
[Site "Kostroma"]
[Date "2008.07.??"]
[Round "5"]
[White "Lazarev, Anatoly"]
[Black "Kamasheva, Elvira"]
[Result "1/2-1/2"]
[WhiteElo "2133"]
[BlackElo "1973"]
[PlyCount "54"]
[EventDate "2008.07.??"]
[EventType "swiss"]
[EventRounds "9"]
[EventCountry "RUS"]
[SourceTitle "EXT 2009"]
[Source "ChessBase"]
[SourceDate "2008.11.26"]
[SourceVersion "1"]
[SourceVersionDate "2008.11.26"]
[SourceQuality "1"]

1. d4 Nf6 2. c4 g6 3. Nc3 Bg7 4. e4 d6 5. Be2 Nbd7 6. Be3 0-0 7. Qd2 c5 8. d5 a5 9. Bh6 a4 10. Bxg7 Kxg7 11. h4 h5 12. Nf3 Qb6 13. a3 Qb3 14. Rc1 Ne5 15. Nxe5 dxe5 16. 0-0 Bd7 17. Qg5 Ng4 18. f3 f6 19. Qd2 Nh6 20. Nb5 Nf7 21. f4 Qg3 22. Nc3 Qxh4 23. f5 Ng5 24. Qe3 gxf5 25. Qxc5 Nh3+ 26. gxh3 Qg3+ 27. Kh1 Qxh3+ 1/2-1/2

[Event "Nizhnij Novgorod Voroniatov Memor 5th"]
[Site "Nizhnij Novgorod"]
[Date "2008.06.14"]
[Round "?"]
[White "Kudriashov, Alexander"]
[Black "Lazarev, Anatoly"]
[Result "1/2-1/2"]
[WhiteElo "2214"]
[BlackElo "2133"]
[PlyCount "49"]
[EventDate "2008.06.14"]
[EventType "swiss"]
[EventRounds "9"]
[EventCountry "RUS"]
[SourceTitle "EXT 2022"]
[Source "ChessBase"]
[SourceDate "2021.10.06"]
[SourceVersion "1"]
[SourceVersionDate "2021.10.06"]
[SourceQuality "1"]

1. e4 Nf6 2. e5 Nd5 3. Nf3 d6 4. c3 Bg4 5. Be2 Nc6 6. exd6 exd6 7. d4 Be7 8. Qb3 Nb6 9. a4 a5 10. 0-0 0-0 11. Na3 Bf6 12. Be3 Qd7 13. d5 Ne7 14. Bxb6 cxb6 15. Nc4 Nxd5 16. Nxb6 Nxb6 17. Qxb6 Qc6 18. Qb5 Rfe8 19. Rfe1 Qxb5 20. Bxb5 Rxe1+ 21. Nxe1 Kf8 22. h3 Bf5 23. Rd1 Ke7 24. Nd3 g5 25. Re1+ 1/2-1/2

[Event "Nizhnij Novgorod Voroniatov Memor 5th"]
[Site "Nizhnij Novgorod"]
[Date "2008.06.14"]
[Round "?"]
[White "Lazarev, Anatoly"]
[Black "Ryabov, Alexander"]
[Result "1-0"]
[WhiteElo "2133"]
[BlackElo "1943"]
[PlyCount "59"]
[EventDate "2008.06.14"]
[EventType "swiss"]
[EventRounds "9"]
[EventCountry "RUS"]
[SourceTitle "EXT 2022"]
[Source "ChessBase"]
[SourceDate "2021.10.06"]
[SourceVersion "1"]
[SourceVersionDate "2021.10.06"]
[SourceQuality "1"]

1. d4 Nf6 2. c4 e6 3. Nc3 Bb4 4. a3 Bxc3+ 5. bxc3 c5 6. Nf3 Nc6 7. Qc2 0-0 8. e4 d6 9. Be2 e5 10. d5 Ne7 11. h3 Ng6 12. g4 Qa5 13. Nd2 a6 14. a4 Rb8 15. f3 Ne8 16. h4 Bd7 17. h5 Ne7 18. Nb3 Qc7 19. a5 f6 20. Ra2 b5 21. axb6 Qxb6 22. Na5 Nc7 23. Bd3 Ne8 24. Ke2 Qc7 25. Be3 Qc8 26. Kd2 Nc7 27. Rb1 Rxb1 28. Qxb1 Rd8 29. Qb6 Ne8 30. Nb7 1-0

[Event "Nizhnij Novgorod Dubinin Memorial 15th"]
[Site "Nizhnij Novgorod"]
[Date "2008.01.??"]
[Round "?"]
[White "Rakov, Mikhail"]
[Black "Lazarev, Anatoly"]
[Result "0-1"]
[WhiteElo "1930"]
[BlackElo "2127"]
[PlyCount "92"]
[EventDate "2008.01.??"]
[EventType "swiss"]
[EventRounds "9"]
[EventCountry "RUS"]
[SourceTitle "CBM 122 Extra"]
[Source "ChessBase"]
[SourceDate "2008.03.04"]
[SourceVersion "1"]
[SourceVersionDate "2008.03.04"]
[SourceQuality "1"]

1. Nf3 Nf6 2. g3 d5 3. c4 dxc4 4. Qa4+ c6 5. Qxc4 Be6 6. Qc2 Na6 7. a3 Qb6 8. Bg2 Bb3 9. Qc3 Nd5 10. Qd4 0-0-0 11. Qxb6 Nxb6 12. 0-0 f6 13. d4 g5 14. Nc3 h5 15. Nd2 Bf7 16. e3 c5 17. dxc5 Nxc5 18. b4 Nd3 19. Nde4 Bg7 20. Nc5 f5 21. Nxd3 Bxc3 22. Bb2 Bxb2 23. Nxb2 Rd2 24. Rfc1+ Kb8 25. Nd1 h4 26. Nc3 hxg3 27. hxg3 f4 28. Ne4 fxe3 29. fxe3 Rxg2+ 30. Kxg2 Bd5 31. Kf3 Rf8+ 32. Kg4 Bxe4 33. Kxg5 Nd5 34. Rc4 Rg8+ 35. Kh4 Rh8+ 36. Kg5 Nf6 37. Kf4 Bc6 38. Kg5 Ne4+ 39. Kf4 Rf8+ 40. Ke5 Nxg3 41. Ke6 Nf5 42. Rf4 Ng7+ 43. Kxe7 Re8+ 44. Kd6 Rxe3 45. Rf8+ Ne8+ 46. Kc5 Re5+ 0-1